Electronic Evidence and Digital Transaction Law (Record no. 43624)

MARC details
003 - CONTROL NUMBER IDENTIFIER
control field 0198991
005 - DATE AND TIME OF LATEST TRANSACTION
control field 20250904100015.0
008 - FIXED-LENGTH DATA ELEMENTS--GENERAL INFORMATION
fixed length control field 250904b |||||||| |||| 00| 0 eng d
020 ## - INTERNATIONAL STANDARD BOOK NUMBER
International Standard Book Number 978-978-59595-4-3
040 ## - CATALOGING SOURCE
Transcribing agency Nile University of Nigeria ,Abuja
Description conventions rda
050 ## - LIBRARY OF CONGRESS CALL NUMBER
Classification number KP 144 .A9
082 ## - DEWEY DECIMAL CLASSIFICATION NUMBER
Classification number KP 144 .A9
100 ## - MAIN ENTRY--PERSONAL NAME
Personal name Ayodele, Benson Oloworaran
Dates associated with a name 2022
245 ## - TITLE STATEMENT
Title Electronic Evidence and Digital Transaction Law
Statement of responsibility, etc Oloworaran Esther Uchechukwu
260 ## - PUBLICATION, DISTRIBUTION, ETC. (IMPRINT)
Place of publication, distribution, etc Zaria , Kaduna.
Name of publisher, distributor, etc ABU Press.
Date of publication, distribution, etc 2022
264 ## - PUBLICATION, DISTRIBUTION, ETC. (IMPRINT)
Place of publication, distribution, etc Zaria , Kaduna.
Name of publisher, distributor, etc ABU Press.
Date of publication, distribution, etc 2022
300 ## - PHYSICAL DESCRIPTION
Other physical details xxxii, 459pg., 35 cm.
336 ## - CONTENT TYPE
Source rdacontent
338 ## - CARRIER TYPE
Source rdacarrier
650 ## - SUBJECT ADDED ENTRY--TOPICAL TERM
Topical term or geographic name as entry element Digital Transactions Law
942 ## - ADDED ENTRY ELEMENTS (KOHA)
Source of classification or shelving scheme Library of Congress Classification
Koha item type Books
Holdings
Withdrawn status Lost status Source of classification or shelving scheme Damaged status Not for loan Permanent Location Current Location Shelving location Date acquired Total Checkouts Full call number Barcode Date last seen Price effective from Koha item type
    Library of Congress Classification     Law Library Law Library Items on shelf 08/04/2025   KP 144 .A9 0198993 09/04/2025 09/04/2025 Books
    Library of Congress Classification     Law Library Law Library Items on shelf 08/04/2025   KP 144 .A9 0198992 09/04/2025 09/04/2025 Books
    Library of Congress Classification     Law Library Law Library Items on shelf 08/04/2025   KP 144 .A9 0198991 09/04/2025 09/04/2025 Books